Detalles MARC
| 000 -CABECERA |
| campo de control de longitud fija |
02819aam a2200313 i 4500 |
| 001 - NÚMERO DE CONTROL |
| campo de control |
1417 |
| 003 - IDENTIFICADOR DEL NÚMERO DE CONTROL |
| campo de control |
CO-MdUADB |
| 005 - FECHA Y HORA DE LA ÚLTIMA TRANSACCIÓN |
| campo de control |
20260428103546.0 |
| 007 - CAMPO FIJO DE DESCRIPCIÓN FÍSICA--INFORMACIÓN GENERAL |
| campo de control de longitud fija |
ta |
| 008 - DATOS DE LONGITUD FIJA--INFORMACIÓN GENERAL |
| campo de control de longitud fija |
950407s1994 ck |||gr||||a edspa d |
| 020 ## - NÚMERO INTERNACIONAL ESTÁNDAR DEL LIBRO |
| Número Internacional Estándar del Libro |
9789586551762 |
| 035 ## - NÚMERO DE CONTROL DEL SISTEMA |
| Número de control de sistema |
1417 |
| 035 ## - NÚMERO DE CONTROL DEL SISTEMA |
| Número de control de sistema |
(OCoLC)777984297 |
| 040 ## - FUENTE DE LA CATALOGACIÓN |
| Centro/agencia transcriptor |
CO-MdUADB |
| Lengua de catalogación |
spa |
| Centro catalogador/agencia de origen |
CO-MdUADB |
| Normas de descripción |
rda |
| 041 0# - CÓDIGO DE LENGUA |
| Código de lengua del texto/banda sonora o título independiente |
spa |
| 080 ## - NÚMERO DE LA CLASIFICACIÓN DECIMAL UNIVERSAL |
| Número de la Clasificación Decimal Universal |
C/ |
| 082 74 - NÚMERO DE LA CLASIFICACIÓN DECIMAL DEWEY |
| Número de clasificación |
C864 |
| 100 1# - ENTRADA PRINCIPAL--NOMBRE DE PERSONA |
| Nombre de persona |
González, Fernando, |
| Fechas asociadas al nombre |
1895-1964 |
| Número de control del registro de autoridad o número normalizado |
(isni)000000011494924 |
| -- |
(viaf)87363343 |
| Término indicativo de función/relación |
Autor/a |
| 9 (RLIN) |
568674 |
| 245 13 - TÍTULO PROPIAMENTE DICHO |
| Título propiamente dicho |
El remordimiento : |
| Subtítulo o título paralelo |
problemas de teología moral / |
| Mención de responsabilidad, etc. |
Fernando González |
| 250 ## - MENCIÓN DE EDICIÓN |
| Mención de edición |
4. edición |
| 264 #4 - PRODUCCIÓN, PUBLICACIÓN, DISTRIBUCIÓN, FABRICACIÓN Y COPYRIGHT |
| Producción, publicación, distribución, fabricación y copyright |
Medellín : |
| Nombre del de productor, editor, distribuidor, fabricante |
Editorial Universidad de Antioquia, |
| Fecha de producción, publicación, distribución, fabricación o copyright |
1994. |
| 300 ## - DESCRIPCIÓN FÍSICA |
| Extensión |
208 páginas |
| 505 2# - NOTA DE CONTENIDO CON FORMATO |
| Título |
Dedicatoria -- |
| -- |
Nota del editor -- |
| -- |
Dos cartas -- |
| -- |
Introducción -- |
| -- |
Primera parte. Análisis -- |
| -- |
Ensayo teológico -- |
| -- |
Segunda parte. Situación y personajes -- |
| -- |
Escenario -- |
| -- |
El parque Borely -- |
| -- |
Marsella -- |
| -- |
Se busca una muchacha -- |
| -- |
Llegada de Tony -- |
| -- |
Narración -- |
| -- |
Himno -- |
| -- |
Segundo himno -- |
| -- |
Paréntesis -- |
| -- |
Interrupción -- |
| -- |
Imprecación -- |
| -- |
Interrupción -- |
| -- |
Narración -- |
| -- |
Crítica -- |
| -- |
El padre Izu -- |
| -- |
Fin de la segunda parte -- |
| -- |
Epílogo -- |
| -- |
Tercera parte. El remordimiento -- |
| -- |
Definición -- |
| -- |
Explicaciones -- |
| -- |
¿Por qué el hombre es moral, o sujeto a remordimiento? -- |
| -- |
Especies de remordimiento -- |
| -- |
Remordimientos tardíos -- |
| -- |
Remordimientos instantáneos -- |
| -- |
Cuarta parte. La semilla de dónde nació El remordimiento --<br/> |
| -- |
Fragmentos de mis libretas. |
| 520 3# - SUMARIO, ETC. |
| Nota de Sumario, etc. |
Esta obra plasma el mecanismo de la teología moral por la que pasó el autor en los años 30 en Marsella, Francia, donde alcanzó una serie de reflexiones causadas por el conocimiento de las tentaciones a las cuales no cedió pero que al volver a Colombia, le causaron un enorme "remordimiento" por no ejecutarlas. "El hombre asciende en virtud del remordimiento: despreciamos al ser actual y actuante que somos, porque la inteligencia nos muestra seres que obran mejor y deseamos ser como ellos. De allí que nuestros actos nos remuerdan". Una detallada conclusión moral de "tonos blancos y grises" para alcanzar la espiritualidad porque "sólo hay alegría o dolor en los actos en que existe lucha interna. En toda acción hay una tendencia vencida y otra vencedora. El hombre es moral, o sea, guerrero. De ahí que nunca haya alegría simple. Sin dolor no puede haber alegría, y viceversa. Alegría y dolor, como elementos simples, no existen sino en abstracto. La emoción no se produce sino en los actos acompañados de lucha interna, y, por ende, todas son compuestas de gritos del instinto triunfante y de lamentos del vencido." |
| 650 #7 - PUNTO DE ACCESO ADICIONAL DE MATERIA--TÉRMINO DE MATERIA |
| Término de materia o nombre geográfico como elemento de entrada |
Literatura colombiana |
| Fuente del encabezamiento o término |
lemb |
| 9 (RLIN) |
41945 |
| 650 #7 - PUNTO DE ACCESO ADICIONAL DE MATERIA--TÉRMINO DE MATERIA |
| Término de materia o nombre geográfico como elemento de entrada |
Ensayos colombianos |
| Fuente del encabezamiento o término |
lemb |
| 9 (RLIN) |
2741 |
| 650 #7 - PUNTO DE ACCESO ADICIONAL DE MATERIA--TÉRMINO DE MATERIA |
| Término de materia o nombre geográfico como elemento de entrada |
Autores colombianos |
| Fuente del encabezamiento o término |
lemb |
| 9 (RLIN) |
225573 |
| 942 ## - ELEMENTOS DE ENTRADA AGREGADA (KOHA) |
| Tipo de ítem Koha |
Libros |
| Fuente del sistema de clasificación o colocación |
Clasificación Decimal Dewey |